000 00560cam a22002291 4500
001 sa 65002481
003 DLC
005 20260227112117.0
008 890620s1964 ii 000 0 hino
010 _asa 65002481
035 _a(OCoLC)19902524
040 _aDLC
_cWaU
_dDLC
042 _apremarc
050 0 0 _aPK2097.H3
_bB5 1964
100 0 _aHariścandra,
_cBhāratendu,
_d1850-1885.
245 1 0 _aBhāratadurdaśā.
260 _c[1964]
300 _a119 p.
_c18 cm.
500 _aIn Hindi.
500 _aA play.
700 0 _aRadha Bhusan,
_d1924-
999 _c62663
_d62663